Thọ mai gia lễ Phong tục dân gian về cưới hỏi ma chay của người Việt Nam

Thọ mai gia lễ là nghi thức trong phong tục cổ truyền dẫn giải rõ ràng quan niệm của người xưa những vấn đề cơ bản về âm dương, ngũ hành, về cách áp dụng ngày giờ, cũng như những điểm xung hợp liên quan đến người sống và người khuất...

Deskribapen osoa

Gorde:
Xehetasun bibliografikoak
Egile nagusia: Đức Thành (Biên soạn)
Formatua: Liburua
Hizkuntza:Vietnamese
Argitaratua: H. Hồng Đức 2022
Gaiak:
Etiketak: Etiketa erantsi
Etiketarik gabe, Izan zaitez lehena erregistro honi etiketa jartzen!
Thư viện lưu trữ: Thư viện Trường Đại học Nam Cần Thơ
LEADER 01196nam a22001937a 4500
001 NCT_4_006885
008 240427b xxu||||| |||| 00| 0 vie d
999 |c 8244  |d 8244 
020 |c 55000 
082 0 4 |2 23rd ed.  |a 395.209597  |b Th107 
100 1 |a Đức Thành  |e Biên soạn 
245 1 0 |a Thọ mai gia lễ  |b Phong tục dân gian về cưới hỏi ma chay của người Việt Nam  |c Đức Thành (Biên soạn) 
260 |a H.  |b Hồng Đức  |c 2022 
300 |a 183tr.  |c 21 cm 
520 3 |a Thọ mai gia lễ là nghi thức trong phong tục cổ truyền dẫn giải rõ ràng quan niệm của người xưa những vấn đề cơ bản về âm dương, ngũ hành, về cách áp dụng ngày giờ, cũng như những điểm xung hợp liên quan đến người sống và người khuất theo quan niệm của người xưa. 
653 |a Tham khảo 
942 |2 ddc  |c BK 
952 |0 0  |1 0  |2 ddc  |4 0  |6 395_209597000000000_TH107  |7 0  |9 28808  |a 000001  |b 000001  |d 2024-04-27  |o 395.209597 Th107  |p TK.04071  |r 2024-04-27  |v 55000.00  |w 2024-04-27  |y BK 
980 |a Thư viện Trường Đại học Nam Cần Thơ